MARC21 bibliographic training manual : Containing selection from MARC21 bibliographic documentation
সংরক্ষণ করুন:
| প্রধান লেখক: | |
|---|---|
| বিন্যাস: | গ্রন্থ |
| ভাষা: | Undetermined |
| প্রকাশিত: |
Victoria, Australia
Box Hill Institute
2001
|
| বিষয়গুলি: | |
| ট্যাগগুলো: |
ট্যাগ যুক্ত করুন
কোনো ট্যাগ নেই, প্রথমজন হিসাবে ট্যাগ করুন!
|
| Thư viện lưu trữ: | Trung tâm Học liệu Trường Đại học Cần Thơ |
|---|
| LEADER | 00609nam a2200193Ia 4500 | ||
|---|---|---|---|
| 001 | CTU_59151 | ||
| 008 | 210402s9999 xx 000 0 und d | ||
| 082 | |a 025.316 | ||
| 082 | |b B964 | ||
| 100 | |a Burnett, Glynis | ||
| 245 | 0 | |a MARC21 bibliographic training manual : | |
| 245 | 0 | |b Containing selection from MARC21 bibliographic documentation | |
| 245 | 0 | |c Glynis Burnett and Glenis Sellwood | |
| 260 | |a Victoria, Australia | ||
| 260 | |b Box Hill Institute | ||
| 260 | |c 2001 | ||
| 650 | |a Descriptive cataloging,Marc formats | ||
| 904 | |i Minh | ||
| 980 | |a Trung tâm Học liệu Trường Đại học Cần Thơ | ||